LIBRARY & INFORMATION CENTRE, KCAET, TAVANUR

ONLINE PUBLIC ACCESS CATALOGUE (OPAC)

Motor manuals: A series for all motor owners and users modern transmission systems vol-5 / (Record no. 6760)

MARC details
000 -LEADER
fixed length control field 00459cam a2200157ua 4500
041 ## - LANGUAGE CODE
Language code of text/sound track or separate title eng
082 ## - DEWEY DECIMAL CLASSIFICATION NUMBER
Classification number 028.72629
Item number JUD/MO
100 ## - MAIN ENTRY--AUTHOR NAME
Personal name Judge, Arthur W .
245 ## - TITLE STATEMENT
Title Motor manuals: A series for all motor owners and users modern transmission systems vol-5 /
250 ## - EDITION STATEMENT
Edition statement 1 /
260 ## - PUBLICATION, DISTRIBUTION, ETC. (IMPRINT)
Place of publication Mumbai :
Name of publisher Asia Publishing House ,
Year of publication 1962.
300 ## - PHYSICAL DESCRIPTION
Number of Pages 430 ; .
942 ## - ADDED ENTRY ELEMENTS (KOHA)
Koha item type Books
Holdings
Withdrawn status Lost status Damaged status Home library Current library Date acquired Full call number Accession Number Koha item type
      KAUAET   07/04/2012 028.72629 2582 Books
free website counter